|
|
|
|
| LEADER |
00000nam0a2200000 4500 |
| 001 |
68130 |
| 005 |
20231101212350.0 |
| 035 |
|
|
|a (RuTPU)RU\TPU\book\72529
|
| 035 |
|
|
|a RU\TPU\book\72526
|
| 090 |
|
|
|a 68130
|
| 100 |
|
|
|a 20040930d1955 km y0rusy50 ca
|
| 101 |
0 |
|
|a rus
|
| 102 |
|
|
|a RU
|
| 105 |
|
|
|a a z 001zy
|
| 200 |
1 |
|
|a Нейтроны
|f Н. А. Власов
|g под ред. П. И. Лукирского
|
| 210 |
|
|
|a Москва
|d 1955
|c Гостехиздат
|
| 215 |
|
|
|a 427 с.
|c ил.
|
| 320 |
|
|
|a Библиогр.: с. 419-426.
|
| 606 |
1 |
|
|a Нейтроны
|2 stltpush
|3 (RuTPU)RU\TPU\subj\45274
|9 64526
|
| 610 |
1 |
|
|a нейтроны
|
| 610 |
1 |
|
|a свойства
|
| 610 |
1 |
|
|a источники
|
| 610 |
1 |
|
|a методы изучения
|
| 610 |
1 |
|
|a взаимодействие
|
| 610 |
1 |
|
|a замедление
|
| 610 |
1 |
|
|a диффузия
|
| 675 |
|
|
|a 539.125.5
|v 3
|
| 700 |
|
1 |
|a Власов
|b Н. А.
|g Николай Александрович
|
| 702 |
|
1 |
|a Лукирский
|b П. И.
|4 340
|
| 801 |
|
1 |
|a RU
|b 63413507
|c 20040930
|g PSBO
|
| 801 |
|
2 |
|a RU
|b 63413507
|c 20210604
|g PSBO
|
| 942 |
|
|
|c BK
|